Contribución al conocimiento del árbol forrajero de desierto prosopis tamarugo, phil
Uloženo v:
| Hlavní autor: | |
|---|---|
| Médium: | Kniha |
| Jazyk: | španělština |
| Vydáno: |
Roma
FAO
1970
|
| Témata: | |
| Tagy: |
Přidat tag
Žádné tagy, Buďte první, kdo vytvoří štítek k tomuto záznamu!
|
MARC
| LEADER | 00000nam a2200000 a 4500 | ||
|---|---|---|---|
| 001 | UCQ0541 | ||
| 003 | CL-VaPUC | ||
| 008 | 980628e19700000IT |||||||||||||||||spa|d | ||
| 082 | 0 | 4 | |a 634.46 |b HAB |2 21 |
| 100 | 0 | |a Habit, Mario A |e author |9 413760 | |
| 245 | 1 | 0 | |a Contribución al conocimiento del árbol forrajero de desierto prosopis tamarugo, phil |
| 300 | |a 124 p | ||
| 942 | |c BK | ||
| 945 | |d 19980628 00:00:00 |a aalvarez | ||
| 260 | |a Roma |b FAO |c 1970 | ||
| 650 | 0 | |a Algarrobo chileno (Prosopis chilensis o Tamarugo) |9 688232 | |
| 650 | 0 | |a Algarrobo chileno (Prosopis chilensis o Tamarugo) |9 688232 | |
| 650 | 0 | |a Suelos |9 260322 | |
| 650 | 0 | |a Cultivos |9 264356 | |
| 650 | 7 | |a HABITAT |2 CL-VaPUC |9 267395 | |
| 650 | 7 | |a ENFERMEDADES DE PLANTAS |2 CL-VaPUC |9 411421 | |
| 650 | 7 | |a PLAGAS |2 CL-VaPUC |9 264624 | |
| 583 | |a last modification |c 19980628 00:00:00 |k Rodrigo Vera | ||
| 999 | |c 271624 |d 271622 | ||